| Tag |
First Indicator |
Second Indicator |
Subfields |
| LEADER |
00000cam a2200000 a 4500 |
| 001 |
in00000088060 |
| 005 |
20151008065004.0 |
| 008 |
820724s1978 iau b 10000 eng d |
| 035 |
|
|
|a (OCoLC)08630122
|
| 035 |
|
|
|9 AAK5160AM
|
| 040 |
|
|
|a TXA
|c TXA
|d UtOrBLW
|
| 043 |
|
|
|a n-us---
|
| 049 |
|
|
|a TXAM
|c [387029]
|
| 090 |
|
|
|a KF6335
|b .T85 1978
|
| 245 |
0 |
0 |
|a 24th Annual Spring Tax Institute :
|b estate and gift taxation, farm tax planning, real estate investments, tax procedure : May 5 and 6, 1978 /
|c sponsored by the Iowa State Bar Association and the University of Iowa College of Law.
|
| 264 |
|
1 |
|a [Place of publication not identified] :
|b [publisher not identified],
|c [1978?]
|
| 300 |
|
|
|a 244 pages in various pagings ;
|c 28 cm.
|
| 336 |
|
|
|a text
|b txt
|2 rdacontent
|
| 337 |
|
|
|a unmediated
|b n
|2 rdamedia
|
| 338 |
|
|
|a volume
|b nc
|2 rdacarrier
|
| 500 |
|
|
|a Cover title.
|
| 504 |
|
|
|a Includes bibliography.
|
| 650 |
|
0 |
|a Inheritance and transfer tax
|z United States
|x Congresses.
|
| 650 |
|
0 |
|a Agriculture
|x Taxation
|z United States
|x Congresses.
|
| 650 |
|
0 |
|a Real property and taxation
|z United States
|x Congresses.
|
| 650 |
|
0 |
|a Gifts
|x Taxation
|z United States
|x Congresses.
|
| 650 |
|
0 |
|a Taxation
|x Law and legislation
|z United States
|x Congresses.
|
| 650 |
|
0 |
|a Tax planning
|z United States
|x Congresses.
|
| 710 |
2 |
|
|a Iowa State Bar Association.
|
| 710 |
2 |
|
|a University of Iowa.
|b College of Law.
|
| 711 |
2 |
|
|a Spring Tax Institute
|n (24th :
|d 1978 :
|c Iowa City, Iowa)
|
| 740 |
0 |
|
|a Estate and gift taxation, farm tax planning, real estate investments, tax procedure.
|
| 999 |
|
|
|a MARS
|
| 999 |
f |
f |
|s 1a5513e3-ef79-311a-a11a-dea9b4963313
|i 24ba0a93-54e9-3294-ab6a-5f87363dd8d3
|t 0
|
| 952 |
f |
f |
|p ric
|a Texas A&M University
|b Rellis Campus
|c Joint Library Facility
|d Remote Storage
|t 0
|e KF6335 .T85 1978
|h Library of Congress classification
|i unmediated -- volume
|m A14806156759
|
| 998 |
f |
f |
|a KF6335 .T85 1978
|t 0
|l Remote Storage
|